Informe del seminario regional sobre legislación y procedimientos aduaneros uniformes /
Guardado en:
| Autores Corporativos: | , |
|---|---|
| Formato: | Texto |
| Publicado: |
San José:
Instituto Centroamericano de Administración Pública
|
| Etiquetas: |
Agregar Etiqueta
Sin Etiquetas, Sea el primero en etiquetar este registro!
|
MARC
| LEADER | 00000 a a2200000 04500 | ||
|---|---|---|---|
| 001 | 21374 | ||
| 003 | |||
| 040 | |||
| 090 | |a 093900 | ||
| 110 | |a Instituto Centroamericano de Administración Pública | ||
| 245 | |a Informe del seminario regional sobre legislación y procedimientos aduaneros uniformes / |c Instituto Centroamericano de Administración Pública | ||
| 260 | |a San José: |b Instituto Centroamericano de Administración Pública | ||
| 300 | |a 61 p. | ||
| 710 | |a ICAP | ||
| 999 | |c 17627 |d 17627 | ||
